| 000 | 00550nam a2200193 a 4500 | ||
|---|---|---|---|
| 020 | _a9251031355 | ||
| 040 | _cDLC | ||
| 082 | 0 | 0 | _a628 FOO 1992 C159 Or. |
| 100 | 1 | _aPescod, M. B. | |
| 245 | 1 | 0 | _aWastewater treatment and use in agriculture / |
| 260 |
_aRome : _bFood and Agriculture Organization of the United Nations, _c1992. |
||
| 300 |
_axiv, 125 p. : _bill. ; _c30 cm. |
||
| 650 | 0 | _aSewage irrigation. | |
| 650 | 0 | _aFish ponds | |
| 650 | 0 | _aSewage | |
| 650 | 0 | _aSewage sludge as fertilizer. | |
| 650 | 0 | _aSewage disposal | |
| 942 | _cAEDBB | ||
| 999 |
_c19040 _d19040 |
||